| 000 | 00669nam a2200193 a 4500 | ||
|---|---|---|---|
| 001 | 3193 | ||
| 003 | CDMR | ||
| 005 | 20131014170016.0 | ||
| 008 | 130130s1980||||||||||||||||||||||||||||d | ||
| 020 | _a84747906504 | ||
| 040 |
_aCDMR _bcat _cCDMR |
||
| 100 | 1 |
_aDíez Rodríguez, Fernando _92317 |
|
| 245 | 1 | 0 |
_aPrensa agraria en la España de la Ilustración _b: el Semanario de Agricultura y Artes dirigido a los Párrocos (1797-1808) _cFernando Dïez Rodríguez |
| 260 |
_aMadrid _c1980 _bServicio de Publicaciones Agrarias |
||
| 300 | _a217 p. | ||
| 490 | 0 | _aEstudios | |
| 500 | _aA la coberta: Ministerio de Agricultura. Secretaría General Técnica | ||
| 942 |
_cMON _2udc |
||
| 999 |
_c3193 _d3193 |
||